| 000 | 01762 a2200265 4500 | ||
|---|---|---|---|
| 001 | 2162214035926634 | ||
| 003 | UA-OsUOA | ||
| 005 | 20260330111516.0 | ||
| 008 | 260305b unrao||| |||| 00| f ukr d | ||
| 040 |
_aUA-OsUOA _bukr _cUA-OsUOA _dUA-OsUOA |
||
| 041 | _aukr | ||
| 080 | _a821.161.2 | ||
| 090 |
_a821.161.2 _bС77 |
||
| 100 |
_aСтарицький М. _924294 |
||
| 245 |
_aВибрані твори _cМихайло Старицький ; вст. ст. та примітки В. У. Олійника |
||
| 260 |
_aКиїв _bДніпро _c1971 |
||
| 300 | _a466 с. | ||
| 490 | _aШкільна бібліотека | ||
| 520 | _aДо однотомника Михайла Старицького (1840-1904) ввійшли його найкращі твори, в яких яскраво показано життя села пореформаного періоду (п'єси "Не судилося", "За двома зайцями", оповідання "Буланко", "Лихо"), побут артистів молодого українського театру (драма "Талан"), героїзм народу в боротьбі проти своїх гнобителів - шляхти та уніатів (повість "Заклятий скарб"). Поезія М. П. Старицького представлена в цьому виданні високохудожніми зразками громадянської та інтимної лірики. | ||
| 650 |
_a82 Література. Літературознавство _915 |
||
| 700 | 1 |
_aОлійник В. У. _924296 |
|
| 942 |
_cBK _2udc |
||
| 955 | _a3 | ||
| 999 |
_c579992 _d579992 |
||